000 00659nam a2200241Ia 4500
003 OSt
005 20221006145142.0
006 a|||||r|||| 00| 0
007 ta
008 221006b |||||||| |||| 00| 0 eng d
020 _c
_35.50
024 _a13,941
037 _cTextual
040 _aEASL
_cEASL
_beng
041 _2eng
_aeng
082 _aV41:1973.N92, N2
100 _aCOPPER John F
_9650671
245 0 _aChina diplomacy
_b Washington, Taipei, Beijing triangle
260 _aBoulder
_bWestview Press
_c1992
300 _a190p.
_ccm.
942 _hV41:1973.N92, N2
_cTEXL
_2CC
999 _c1082027
_d1082027